[Event "Oberliga Ost-A 0809"]
[Site "Germany"]
[Date "2008.11.29"]
[Round "2.6"]
[White "Igonin, Pavel"]
[Black "Engelmann, Jakob"]
[Result "0-1"]
[WhiteElo "2130"]
[BlackElo "2114"]
[PlyCount "88"]
[EventDate "2008.10.12"]
[EventType "team-tourn"]
[EventRounds "11"]
[EventCountry "GER"]
[SourceTitle "EXT 2010"]
[Source "ChessBase"]
[SourceDate "2010.11.25"]
[SourceVersion "1"]
[SourceVersionDate "2010.11.25"]
[SourceQuality "1"]
[WhiteTeam "Magdeburg Aufbau Elbe"]
[BlackTeam "Halle USV"]
[WhiteTeamCountry "GER"]
[BlackTeamCountry "GER"]

1. d4 d5 2. Nf3 Nf6 3. Bf4 c6 4. e3 Qb6 5. Qc1 Bf5 6. Be2 e6 7. Nh4 Bg4 8. Bxg4 Nxg4 9. 0-0 Nd7 10. h3 Ngf6 11. Nd2 Be7 12. Nhf3 0-0 13. Re1 c5 14. c3 Rac8 15. Qb1 Rfd8 16. Bh2 a5 17. a4 cxd4 18. exd4 Qa6 19. Ra2 b5 20. axb5 Qxb5 21. Qa1 Ra8 22. Bc7 Rdc8 23. Bxa5 Ra6 24. Rc1 Bd6 25. Rc2 Rca8 26. b4 h6 27. Nb3 Ne4 28. Nc5 Bxc5 29. dxc5 Ndxc5 30. Nd4 Qc4 31. bxc5 Nxc5 32. f4 Nb7 33. Ra4 Rxa5 34. Rxa5 Rxa5 35. Qb1 Nc5 36. Rb2 Ne4 37. Rb3 Ra8 38. Qb2 Rc8 39. Nb5 Qd3 40. Qb1 Qe3+ 41. Kh1 Qxf4 42. Rb4 Qg3 43. Kg1 Nxc3 44. Nxc3 Qxc3 0-1

[Event "Oberliga Ost-A 0607"]
[Site "Germany"]
[Date "2007.03.18"]
[Round "8.7"]
[White "Igonin, Pavel"]
[Black "Paul, Mathias"]
[Result "1/2-1/2"]
[WhiteElo "2169"]
[BlackElo "2183"]
[PlyCount "32"]
[EventDate "2006.10.15"]
[EventType "team-tourn"]
[EventRounds "11"]
[EventCountry "GER"]
[SourceTitle "EXT 2008"]
[Source "ChessBase"]
[SourceDate "2007.11.25"]
[SourceVersion "1"]
[SourceVersionDate "2007.11.25"]
[SourceQuality "1"]
[WhiteTeam "Magdeburg Aufbau Elbe"]
[BlackTeam "Plauen Koenig"]
[WhiteTeamCountry "GER"]
[BlackTeamCountry "GER"]

1. d4 Nf6 2. Nf3 g6 3. Bf4 Bg7 4. e3 d5 5. Bd3 0-0 6. Nbd2 b6 7. c3 Bb7 8. Qb1 Nbd7 9. h3 c5 10. 0-0 Rc8 11. Re1 Re8 12. Bh2 e6 13. Ne5 Qe7 14. f4 Rf8 15. Rf1 Ne8 16. Ndf3 f5 1/2-1/2

[Event "Oberliga Ost-A 0607"]
[Site "Germany"]
[Date "2006.12.10"]
[Round "4.6"]
[White "Resnjanskij, Sven"]
[Black "Igonin, Pavel"]
[Result "1-0"]
[WhiteElo "2179"]
[BlackElo "2169"]
[PlyCount "97"]
[EventDate "2006.10.15"]
[EventType "team-tourn"]
[EventRounds "11"]
[EventCountry "GER"]
[SourceTitle "EXT 2008"]
[Source "ChessBase"]
[SourceDate "2007.11.25"]
[SourceVersion "1"]
[SourceVersionDate "2007.11.25"]
[SourceQuality "1"]
[WhiteTeam "Leipzig Gohlis II"]
[BlackTeam "Magdeburg Aufbau Elbe"]
[WhiteTeamCountry "GER"]
[BlackTeamCountry "GER"]

1. e4 c5 2. Nf3 e6 3. d4 cxd4 4. Nxd4 Nc6 5. Nc3 a6 6. Be3 Nf6 7. Nxc6 bxc6 8. e5 Nd5 9. Nxd5 cxd5 10. Qg4 Qc7 11. 0-0-0 Qxe5 12. Bf4 Qf6 13. Bg5 Qxf2 14. Bd3 Qb6 15. Rhf1 Rb8 16. b3 Ba3+ 17. Kb1 Qb4 18. Qh5 g6 19. Qf3 0-0 20. Qf6 Qe7 21. Qxe7 Bxe7 22. Bxe7 Re8 23. Bf6 d6 24. g4 e5 25. g5 a5 26. Be2 d4 27. c3 Bf5+ 28. Kc1 Rec8 29. c4 a4 30. Kb2 Rc6 31. Rd2 Rcb6 32. Bd1 Be6 33. c5 dxc5 34. Bxe5 axb3 35. axb3 Bxb3 36. Bxb8 Bc4+ 37. Kc1 Bxf1 38. Rb2 Re6 39. Ba7 Re5 40. h4 d3 41. Rb8+ Kg7 42. Rc8 Rd5 43. Bxc5 h5 44. Kd2 Rd7 45. Ba4 Rd5 46. Bb4 f6 47. Bc3 Bh3 48. gxf6+ Kf7 49. Bb3 1-0

[Event "Oberliga Ost-A 0607"]
[Site "Germany"]
[Date "2006.11.19"]
[Round "3.7"]
[White "Igonin, Pavel"]
[Black "Reipsch, Jens"]
[Result "1/2-1/2"]
[WhiteElo "2169"]
[BlackElo "2278"]
[PlyCount "98"]
[EventDate "2006.10.15"]
[EventType "team-tourn"]
[EventRounds "11"]
[EventCountry "GER"]
[SourceTitle "EXT 2008"]
[Source "ChessBase"]
[SourceDate "2007.11.25"]
[SourceVersion "1"]
[SourceVersionDate "2007.11.25"]
[SourceQuality "1"]
[WhiteTeam "Magdeburg Aufbau Elbe"]
[BlackTeam "Halle USV"]
[WhiteTeamCountry "GER"]
[BlackTeamCountry "GER"]

1. d4 Nf6 2. Nf3 c5 3. e3 d5 4. b3 Nc6 5. Bb2 Bf5 6. a3 e6 7. Be2 Qa5+ 8. Qd2 Qc7 9. 0-0 cxd4 10. exd4 Ne4 11. Qd1 Bd6 12. c4 0-0 13. c5 Be7 14. b4 Bf6 15. Nbd2 e5 16. dxe5 Nxe5 17. Nxe5 Bxe5 18. Bxe5 Qxe5 19. Nf3 Qf6 20. Qd4 Qe6 21. Rfe1 Rad8 22. Rad1 h6 23. Qb2 a6 24. Bd3 Qc8 25. Nd4 Bh7 26. Qc2 Rfe8 27. f3 Nf6 28. Bxh7+ Nxh7 29. Nf5 Qc7 30. Rxe8+ Rxe8 31. Rxd5 Qf4 32. Qd2 Qc4 33. Rd8 Qe6 34. Rxe8+ Qxe8 35. Nd6 Qe7 36. Ne4 Nf8 37. Qd6 Qe8 38. Qc7 f5 39. Ng3 Qe3+ 40. Kf1 Ne6 41. Qc8+ Kh7 42. Ne2 a5 43. Qxb7 Qd3 44. Qe7 Nf4 45. Kf2 Nd5 46. Qe5 axb4 47. axb4 Nxb4 48. Qc3 Qxc3 49. Nxc3 Nd3+ 1/2-1/2

[Event "Oberliga Ost-A 0506"]
[Site "Germany"]
[Date "2005.12.11"]
[Round "4.5"]
[White "Teichgraeber, Michael"]
[Black "Igonin, Pavel"]
[Result "0-1"]
[WhiteElo "2136"]
[BlackElo "2184"]
[PlyCount "108"]
[EventDate "2005.11.13"]
[EventType "team-tourn"]
[EventRounds "11"]
[EventCountry "GER"]
[SourceTitle "EXT 2007"]
[Source "ChessBase"]
[SourceDate "2006.11.23"]
[SourceVersion "1"]
[SourceVersionDate "2006.11.23"]
[SourceQuality "1"]
[WhiteTeam "Coswig"]
[BlackTeam "Magdeburg Aufbau Elbe"]
[WhiteTeamCountry "GER"]
[BlackTeamCountry "GER"]

1. c4 c6 2. Nf3 d5 3. b3 Nf6 4. Bb2 Bf5 5. d3 e6 6. Nbd2 Be7 7. g3 Nbd7 8. Bg2 0-0 9. 0-0 h6 10. cxd5 cxd5 11. Nd4 Bh7 12. Rc1 Rc8 13. Rxc8 Qxc8 14. Qb1 a6 15. Rc1 Qb8 16. a3 e5 17. Nc2 Rd8 18. Ne3 Nc5 19. Qa1 d4 20. Nec4 Nd5 21. Qa2 h5 22. Nf3 f6 23. Na5 Kh8 24. Ba1 Ne6 25. b4 Nec7 26. Qd2 Nb5 27. Bb2 Nbc3 28. Bxc3 Nxc3 29. Ne1 Rd7 30. e4 Rc7 31. Rc2 Qc8 32. Nc4 Bg8 33. Nb6 Qd8 34. Nd5 Bxd5 35. exd5 a5 36. bxa5 Bxa3 37. f4 Re7 38. f5 Qxa5 39. Qf2 Qd8 40. Bf3 b5 41. Qg2 h4 42. Qh3 Qg8 43. Bh5 Qh7 44. g4 b4 45. d6 Rd7 46. Qf3 Rxd6 47. Bg6 e4 48. dxe4 Qh6 49. Ng2 b3 50. e5 Rd8 51. Qd3 bxc2 52. Qxc2 Qc1+ 53. Qxc1 Bxc1 54. e6 Ba3 0-1

[Event "GER-ch U18"]
[Site "Willingen"]
[Date "2005.05.21"]
[Round "9"]
[White "Igonin, Pavel"]
[Black "Lang, Henry"]
[Result "1-0"]
[WhiteElo "2176"]
[BlackElo "1792"]
[PlyCount "139"]
[EventDate "2005.05.14"]
[EventType "swiss"]
[EventRounds "9"]
[EventCountry "GER"]
[SourceTitle "CBM 106 Extra"]
[Source "ChessBase"]
[SourceDate "2005.07.01"]
[SourceVersion "1"]
[SourceVersionDate "2005.07.01"]
[SourceQuality "1"]

1. d4 Nf6 2. Nf3 g6 3. Bf4 Bg7 4. e3 d6 5. h3 Nbd7 6. Be2 c5 7. c3 0-0 8. 0-0 a6 9. a4 b6 10. Nbd2 Bb7 11. Qb1 Nd5 12. Bh2 e5 13. Nc4 Qe7 14. Rd1 f5 15. Rd2 f4 16. e4 N5f6 17. dxe5 dxe5 18. Nd6 Bc6 19. Qa2+ Kh8 20. Ng5 Bh6 21. Qe6 Qxe6 22. Nxe6 f3 23. Rc2 fxe2 24. Nxf8 Rxf8 25. Rxe2 Kg8 26. b4 Ra8 27. f3 Bf8 28. Rd2 cxb4 29. cxb4 Ne8 30. Nxe8 Rxe8 31. Rb2 a5 32. Rc2 Ba8 33. Rc7 Nf6 34. bxa5 bxa5 35. Rac1 Bh6 36. R1c2 Be3+ 37. Kh1 Bd4 38. Bg1 Bxe4 39. fxe4 Nxe4 40. Bxd4 exd4 41. Rd7 Ng3+ 42. Kg1 h5 43. Rc6 h4 44. Rxg6+ Kf8 45. Rf6+ Kg8 46. Kh2 Re1 47. Rg6+ Kf8 48. Rxg3 hxg3+ 49. Kxg3 Re4 50. Rd5 d3 51. Rxa5 Rd4 52. Rf5+ Kg7 53. Rf1 Rxa4 54. Rf2 Kg6 55. Rd2 Rd4 56. Kf3 Kg5 57. Ke3 Rf4 58. Rxd3 Rf1 59. Rd5+ Kh4 60. Rd4+ Kh5 61. Rf4 Re1+ 62. Kf2 Re5 63. Kg3 Rg5+ 64. Kh2 Rg6 65. Ra4 Rg5 66. h4 Rg6 67. Kh3 Rb6 68. g4+ Kh6 69. h5 Rb5 70. Kh4 1-0

[Event "GER-ch U18"]
[Site "Willingen"]
[Date "2005.05.15"]
[Round "2"]
[White "Kaufmann, Benjamin"]
[Black "Igonin, Pavel"]
[Result "0-1"]
[WhiteElo "1942"]
[BlackElo "2176"]
[PlyCount "64"]
[EventDate "2005.05.14"]
[EventType "swiss"]
[EventRounds "9"]
[EventCountry "GER"]
[SourceTitle "CBM 106 Extra"]
[Source "ChessBase"]
[SourceDate "2005.07.01"]
[SourceVersion "1"]
[SourceVersionDate "2005.07.01"]
[SourceQuality "1"]

1. d4 d5 2. c4 c6 3. Nf3 Nf6 4. Nc3 a6 5. e3 b5 6. cxd5 cxd5 7. Be2 Bf5 8. 0-0 e6 9. a3 Bd6 10. Bd2 0-0 11. Rc1 Nbd7 12. Qb3 Nb6 13. Na2 Nc4 14. Nb4 Qd7 15. Nd3 a5 16. Nfe5 Qb7 17. Rfd1 Ne4 18. Be1 f6 19. Nf3 Qb6 20. Nh4 Ng5 21. Nxf5 exf5 22. Rc2 Rfe8 23. a4 Reb8 24. axb5 a4 25. Qa2 Qxb5 26. Ra1 Ne4 27. Nc1 Rc8 28. Bxc4 dxc4 29. Ne2 Qb3 30. Qb1 a3 31. bxa3 Rxa3 32. Qxb3 Rxa1 0-1

[Event "GER-ch U18"]
[Site "Willingen"]
[Date "2005.05.14"]
[Round "1"]
[White "Igonin, Pavel"]
[Black "Kraemer, Martin"]
[Result "0-1"]
[WhiteElo "2176"]
[BlackElo "2362"]
[PlyCount "88"]
[EventDate "2005.05.14"]
[EventType "swiss"]
[EventRounds "9"]
[EventCountry "GER"]
[SourceTitle "CBM 106 Extra"]
[Source "ChessBase"]
[SourceDate "2005.07.01"]
[SourceVersion "1"]
[SourceVersionDate "2005.07.01"]
[SourceQuality "1"]

1. d4 Nf6 2. g3 e6 3. Bg2 d5 4. Nf3 b5 5. 0-0 Be7 6. a4 b4 7. c4 bxc3 8. bxc3 Ba6 9. Ne5 Nfd7 10. Nd3 0-0 11. e4 c6 12. Re1 Nb6 13. Ba3 Bxa3 14. Rxa3 N8d7 15. Nb4 Qc8 16. Nd2 Nc4 17. Nxc4 Bxc4 18. a5 Rb8 19. Qc2 Rb5 20. exd5 cxd5 21. f4 Nf6 22. h3 Qc7 23. a6 Rc8 24. Re3 Bf1 25. Bxf1 Rxb4 26. Ra4 Rxa4 27. Qxa4 Qb6 28. Qb4 Qc7 29. Bd3 g6 30. Bf1 Rb8 31. Qa3 Rb1 32. c4 Qxc4 33. Qd3 Qc1 34. Rf3 Ne4 35. g4 Nd2 36. Rf2 Nxf1 37. Rxf1 Qxf1+ 38. Qxf1 Rxf1+ 39. Kxf1 Kf8 40. Ke2 Ke7 41. h4 Kd6 42. Kf3 f6 43. f5 gxf5 44. gxf5 e5 0-1